| 000 | 00807nam a22002297a 4500 | ||
|---|---|---|---|
| 003 | OSt | ||
| 005 | 20230726111727.0 | ||
| 008 | 221006b |||||||| |||| 00| 0 eng d | ||
| 040 | _cBiblioteca Lado V | ||
| 082 |
_a779 _bP844l |
||
| 100 |
_9917 _aPorter, Liliana _eautor |
||
| 245 | _aLiliana Porter Photographs/ | ||
| 260 |
_bRuth Benzacar Gallery _bMonique Knowlton Gallery _c1996 _aNew York _aArgentina |
||
| 300 |
_c22x23cm _a28p. |
||
| 366 | _espa | ||
| 650 |
_2Tesauro de Arte & Arquitectura _aARTE _9703 |
||
| 650 |
_2Tesauro de Arte & Arquitectura _aEXPOSICION _9702 |
||
| 650 |
_2Tesauro de Arte & Arquitectura _aCATALOGO |
||
| 650 |
_2Tesauro de Arte & Arquitectura _aFOTOGRAFIA _9702 |
||
| 651 |
_2Tesauro de Arte & Arquitectura _aARGENTINA |
||
| 942 |
_2ddc _c1 _h779 _iP844l _n0 |
||
| 999 |
_c4097 _d4097 |
||